| 000 | 01162nam a2200301 a 4500 | ||
|---|---|---|---|
| 999 |
_c183300 _d183300 |
||
| 003 | BLK | ||
| 005 | 20241105005515.0 | ||
| 008 | 180411b bul|||||r ||||||| ||bul|| | ||
| 010 | _aKNG00192230000 | ||
| 040 | _aBLK | ||
| 041 |
_aBUL _cBUL |
||
| 080 |
_aБългарска литература _b821.163.2 _x-31 _z821.163.2-31 |
||
| 100 |
_aДимитрова, Блага Николова _d1922 - 2003 _gПисателка, поетеса, драматург, публицист, преводачка _9363629 |
||
| 139 |
_aДимитрова, Блага Николова _bД 58 |
||
| 245 | 1 | 0 |
_aПодземно небе _bВиетнамски дневник 72 _cБлага Николова Димитрова. |
| 257 | _aBGR | ||
| 260 |
_aСофия _bПартиздат _c1972 |
||
| 300 |
_a174 с. _c21 см |
||
| 380 | _aX | ||
| 500 | _aКн. е продължение на романа Страшния съд. - 20 100 тир. | ||
| 852 |
_aЦб 63521 _bЦб |
||
| 856 | 4 | _qpdf | |
| 856 | 4 | _qpdf | |
| 942 |
_cKNG _n0 _s1 |
||
| 944 |
_aCR _c11.10.2016 _k _lCRON CRON |
||
| 944 |
_aED _c11.10.2016 _kКамелия_Данева |
||
| 999 | _d183300 | ||